| 000 | 01560nam a2200373 c 4500 | ||
|---|---|---|---|
| 003 | BLK | ||
| 005 | 20250512101818.0 | ||
| 008 | 180411b bul|||||r ||||||| ||bul|| | ||
| 010 | _aKNG00181384000 | ||
| 020 |
_a978-954-655-614-1 _bиздат.: Бард |
||
| 040 | _aBLK | ||
| 041 |
_aBUL _cBUL |
||
| 072 | 7 |
_2bullib _aН83 _xЧужда художествена литература Н |
|
| 080 |
_a?Литература на ЮАР _b896(680) _x-312.4 _z896(680)-312.4 |
||
| 100 | 1 |
_aСмит, Уилбър Едисън _eпърви автор _9242238 |
|
| 139 |
_aСмит, Уилбър Едисън _bС 47 |
||
| 245 | 1 | 0 |
_aПорочен кръг _bРоман _cУилбър Едисън Смит; прев. Иван Василев Златарски. |
| 257 | _aRSA | ||
| 260 |
_аСофия _bБард _c2015 |
||
| 300 |
_a560 с. _c20 см |
||
| 380 | _aX | ||
| 490 | 1 | _aКралете на трилъра | |
| 500 | _aОриг. загл. Visious Circle / Wilbur Smith. Продълж. на Целувката на гепарда. | ||
| 653 | _aкрими | ||
| 653 | _aромани | ||
| 659 | _aН | ||
| 700 | 1 |
_aЗлатарски, Иван Василев _d1948- _gПреводач от английски език (художествена литература), инженер _9242826 |
|
| 852 | _aЦб 276627 | ||
| 856 | 4 |
_qpdf _u |
|
| 856 | 4 |
_qpdf _u |
|
| 942 |
_cKNG _n0 _057 |
||
| 944 |
_aCR _c09.09.2015 _lРусанова Ирена _k30542 |
||
| 944 |
_aED _c25.05.2016 _lф / _kВиолета_Тройчева |
||
| 999 |
_c173010 _d173010 |
||